000
00271nam a22001217a 4500
008
180911b xxu||||| |||| 00| 0 eng d
041
_a
eng
080
_a
621
100
_a
26
101
_a
eng
245
_a
Asphalt Pavement Engineering
_c
Wallace.H.A
942
_2
udc
_c
BK
999
_c
47648
_d
47648